Finančno-ekonomická analýza a finančné plánovanie ako súčasť stanovenia hodnoty podniku diplomová práca

Na minha lista:
Detalhes bibliográficos
Autor principal: Zvalo, Jakub
Autor Corporativo: Fakulta podnikového manažmentu EU. Katedra podnikovohospodárska
Outros Autores: Kubica, Milan, 1958-
Formato: Livro
Idioma:eslovaco
Publicado em: Bratislava 2018
Tags: Adicionar Tag
Sem tags, seja o primeiro a adicionar uma tag!

MARC

LEADER 00000nbm a2200000 4500
001 0243205
005 20181004112252.6
041 0 |a slo 
044 |a SK 
245 1 0 |a Finančno-ekonomická analýza a finančné plánovanie ako súčasť stanovenia hodnoty podniku  |b diplomová práca  |c Jakub Zvalo ; školiteľ: Milan Kubica 
264 1 |a Bratislava  |c 2018 
300 |a 102 s. 
100 1 |a Zvalo, Jakub 
700 1 |a Kubica, Milan, 1958- 
710 2 |a Fakulta podnikového manažmentu EU. Katedra podnikovohospodárska